| 000 | 00718nam a22002057a 4500 | ||
|---|---|---|---|
| 999 |
_c15256 _d15256 |
||
| 003 | AR-CdUCM | ||
| 008 | 190426b ||||| |||| 00| 0 spa d | ||
| 040 |
_aMUNICIPALIDAD PROVINCIAL DEL CUSCO _cBIBLIOTECA MUNICIPAL DEL CUSCO |
||
| 082 |
_aC / 869.3 / _bB43 |
||
| 100 |
_aBeyersdorff, Margot _93246 |
||
| 245 |
_aLos reyes magos : _bvigencia del teatro religioso español en el Perú andino / |
||
| 260 |
_aCusco : _bCBC, _c1988. |
||
| 300 |
_a111 páginas ; _c24 cm. |
||
| 505 | _aAntecedentes -- Estudio preliminar -- La simiente literaria -- Obra teatral de juan Francisco Palomino... | ||
| 650 |
_aCostumbres. _9230 |
||
| 650 |
_aCusco. _9772 |
||
| 650 |
_aTeatro. _9173 |
||
| 942 |
_2ddc _cLIBROS |
||
| 945 | _awfj | ||